[Event "ch-FRA Blitz Online Qual"]
[Site "Europe-Chess INT"]
[Date "2020.05.16"]
[Round "11"]
[White "Chung, Mathilde"]
[Black "Suez-Panama, Gilles"]
[Result "1-0"]
[WhiteTitle "WFM"]
[WhiteElo "2083"]
[BlackElo "1943"]
[WhiteFideId "676446"]
[BlackFideId "620165"]
[EventDate "2020.05.16"]

1. d4 Nf6 2. c4 g6 3. Nc3 Bg7 4. e4 d6 5. Nf3 O-O 6. Be2 Na6 7. O-O e5 8. Qc2 c6
9. d5 Bg4 10. Bg5 Rc8 11. Rfd1 h6 12. Bh4 g5 13. Bg3 c5 14. h4 Nh7 15. hxg5 hxg5
16. Nb5 Nb4 17. Qd2 a6 18. Nc3 a5 19. Nb5 Qe7 20. a3 Na6 21. Qxa5 f5 22. exf5
Bxf5 23. Qd2 Bh6 24. Nh2 Rf6 25. Ng4 Bxg4 26. Bxg4 Rcf8 27. Nc3 Rg6 28. Ne4 Nf6
29. Bf5 Rg7 30. Be6+ Kh8 31. Qd3 Nxe4 32. Qxe4 Qf6 33. f3 Nc7 34. Bg4 Ne8 35.
Kf2 Rgf7 36. Rh1 Kg7 37. Be6 Re7 38. Rh5 Nc7 39. Bg4 Rh8 40. Rah1 Rf7 41. b4 Ne8
42. bxc5 dxc5 43. Bxe5 Re7 44. Bxf6+ Kxf6 45. Rxh6+ Rxh6 46. Rxh6+ Kf7 47. Rh7+
Ng7 48. Rxg7+ 1-0

[Event "ch-FRA Blitz Online Qual"]
[Site "Europe-Chess INT"]
[Date "2020.05.16"]
[Round "11"]
[White "Rasolo, Loick"]
[Black "Thomas, Anysia"]
[Result "1/2-1/2"]
[BlackTitle "WFM"]
[WhiteElo "1951"]
[BlackElo "2160"]
[WhiteFideId "36004049"]
[BlackFideId "670472"]
[EventDate "2020.05.16"]

1. d4 Nf6 2. Bg5 Ne4 3. h4 c5 4. e3 Nc6 5. d5 Ne5 6. Nd2 Nxd2 7. Qxd2 d6 8. Bb5+
Bd7 9. Bxd7+ Qxd7 10. Qe2 g6 11. Nf3 Bg7 12. Nxe5 Bxe5 13. c3 h6 14. Bf4 Qf5 15.
Bxe5 Qxe5 16. Qb5+ Kf8 17. Qxb7 Kg7 18. Qb3 Rab8 19. Qc2 Qxd5 20. O-O Rb7 21. b3
Qh5 22. g3 Rc8 23. Qe4 Rcc7 24. c4 g5 25. hxg5 hxg5 26. Kg2 Qg6 27. Qxg6+ Kxg6
28. f4 gxf4 29. gxf4 Rb8 30. Kf3 Kf6 31. Rh1 Rg8 32. Rh6+ Rg6 33. Rxg6+ fxg6 34.
Rd1 Rc8 35. e4 Rh8 36. Kg3 g5 37. e5+ dxe5 38. fxe5+ Kxe5 39. Rd5+ Kf6 40. Rxc5
Rd8 41. Rc7 Rd3+ 42. Kg4 Rd4+ 43. Kf3 g4+ 44. Ke3 Rd1 45. Kf4 Rd4+ 46. Ke3 Rd1
47. Kf4 Rd4+ 48. Ke3 1/2-1/2

[Event "ch-FRA Blitz Online Qual"]
[Site "Europe-Chess INT"]
[Date "2020.05.16"]
[Round "11"]
[White "Capton, Rafael"]
[Black "Bournel, Antoine"]
[Result "0-1"]
[WhiteElo "1737"]
[BlackElo "2238"]
[WhiteFideId "36084778"]
[BlackFideId "26093553"]
[EventDate "2020.05.16"]

1. e4 c5 2. Nf3 g6 3. d4 cxd4 4. Nxd4 Nc6 5. Nxc6 bxc6 6. Nc3 Bg7 7. Bc4 d6 8.
O-O Qc7 9. Bb3 Nf6 10. f4 O-O 11. Bd2 a5 12. a4 Qb6+ 13. Kh1 Ba6 14. Re1 Rab8
15. e5 dxe5 16. fxe5 Nd5 17. Nxd5 cxd5 18. Bxd5 Qxb2 19. Rc1 e6 20. Bb3 Rfd8 21.
Re3 Bh6 22. Qe1 Bxe3 23. Qxe3 Qd4 24. Qg5 Qxd2 25. Qxd2 Rxd2 26. Re1 Rbd8 27. c4
R8d3 28. c5 Rxb3 29. Rc1 Rc3 30. Rb1 Rxc5 31. h3 Rcc2 32. Rb8+ Kg7 33. Rb6 Bf1
34. Kg1 Bxg2 35. Rb5 Bxh3 36. Rxa5 Rd1# 0-1

[Event "ch-FRA Blitz Online Qual"]
[Site "Europe-Chess INT"]
[Date "2020.05.16"]
[Round "11"]
[White "Gautier, Nathan"]
[Black "Menjra, Yanis"]
[Result "1-0"]
[WhiteElo "2064"]
[BlackElo "1489"]
[WhiteFideId "26093030"]
[BlackFideId "45155500"]
[EventDate "2020.05.16"]

1. e4 e5 2. Nf3 Nc6 3. Bb5 a6 4. Ba4 Nf6 5. O-O Be7 6. Re1 b5 7. Bb3 d6 8. c3
O-O 9. h3 Nb8 10. a4 Bb7 11. d3 Nbd7 12. Nbd2 Re8 13. Nf1 Bf8 14. Ng3 g6 15. Ng5
Re7 16. Kh2 h6 17. Nf3 Bg7 18. Nh4 Re8 19. Nxg6 d5 20. Nh4 dxe4 21. dxe4 Nc5 22.
Bc2 bxa4 23. Nhf5 Qxd1 24. Rxd1 Ncxe4 25. Bxh6 Nxg3 26. Nxg7 Nge4 27. Nxe8 Rxe8
28. Rxa4 Nxf2 29. Rf1 N2e4 30. Rb4 Bc6 31. g4 Rd8 32. Be3 a5 33. Rb3 Nd2 34.
Rxf6 Nxb3 35. Bxb3 Rd7 36. Kg3 Kg7 37. Rf2 Rd3 38. Re2 Bb5 39. Kf2 Rd6 40. c4
Rf6+ 41. Kg3 Bc6 42. Rf2 Rd6 43. Bc2 f6 44. b3 Be8 45. Bc5 Rd8 46. Be7 Rd7 47.
Bxf6+ Kg8 48. Bxe5 Bf7 49. Be4 c5 50. h4 Re7 51. Rf5 Bg6 52. Rg5 Kf7 53. Bxg6+
Kf8 54. Bd6 a4 55. Rf5+ Kg7 56. Bxe7 axb3 57. h5 b2 58. Rf7+ Kg8 59. Rf8+ Kg7
60. Rf7+ Kg8 61. Rf2 b1=Q 62. Bxb1 Kg7 63. Bf6+ Kg8 64. Be4 Kf8 65. Bd5 Ke8 66.
Be5 Ke7 67. Rf6 Ke8 68. h6 Ke7 69. h7 Ke8 70. h8=Q+ Ke7 71. Qg7+ Ke8 72. Rf8# 1-0

[Event "ch-FRA Blitz Online Qual"]
[Site "Europe-Chess INT"]
[Date "2020.05.16"]
[Round "11"]
[White "Villeneuve, Robin"]
[Black "Henry, Tony"]
[Result "0-1"]
[WhiteElo "1662"]
[BlackElo "1979"]
[WhiteFideId "45100608"]
[BlackFideId "622427"]
[EventDate "2020.05.16"]

1. e4 c5 2. d4 cxd4 3. c3 dxc3 4. Nxc3 Nc6 5. Nf3 g6 6. Bc4 Bg7 7. e5 Nh6 8. O-O
Ng4 9. Re1 Ngxe5 10. Nxe5 Nxe5 11. Bb3 O-O 12. Bf4 Nc6 13. Nd5 d6 14. Ba4 e5 15.
Bg3 f5 16. Bb3 Kh8 17. f4 e4 18. Qe2 Nd4 19. Qc4 Be6 20. Red1 Rc8 21. Qb4 Bxd5
22. Bxd5 Nc2 23. Qxb7 Nxa1 24. Rxa1 Qc7 25. Qb4 a5 26. Qd2 Qc2 27. Qxa5 Bd4+ 28.
Kh1 Rc5 29. Bb3 Qxb2 30. Qe1 Qxa1 31. Qxa1 Bb2 32. h3 Bxa1 0-1

[Event "ch-FRA Blitz Online Qual"]
[Site "Europe-Chess INT"]
[Date "2020.05.16"]
[Round "11"]
[White "Le Pen, Steven"]
[Black "Bag, Ayoub"]
[Result "1-0"]
[WhiteElo "2141"]
[BlackElo "1467"]
[WhiteFideId "612197"]
[BlackFideId "551012308"]
[EventDate "2020.05.16"]

1. e4 e6 2. d4 d5 3. Nc3 dxe4 4. Nxe4 Nd7 5. Nf3 Ngf6 6. Bg5 Be7 7. Nxf6+ Nxf6
8. Bd3 O-O 9. c3 b6 10. Qc2 h6 11. Bd2 Bb7 12. O-O-O Qc8 13. Rhg1 c5 14. dxc5
Bxc5 15. Rdf1 Rd8 16. Ne5 Bd6 17. Bf4 Qc5 18. Re1 Qxf2 19. Qxf2 1-0

[Event "ch-FRA Blitz Online Qual"]
[Site "Europe-Chess INT"]
[Date "2020.05.16"]
[Round "11"]
[White "Saba, Nathalie"]
[Black "Cuttoli, Alexandre"]
[Result "1-0"]
[WhiteElo "1626"]
[BlackElo "2044"]
[WhiteFideId "26095939"]
[BlackFideId "36007293"]
[EventDate "2020.05.16"]

1. e4 e5 2. Nf3 Nc6 3. Bb5 a6 4. Ba4 Nf6 5. O-O b5 6. Bb3 Bc5 7. h3 d6 8. Re1
O-O 9. c3 Bb6 10. d4 h6 11. a3 Re8 12. Bc2 Nh5 13. Nxe5 dxe5 14. Qxh5 exd4 15.
e5 d3 16. Bb3 Re7 17. Bxh6 gxh6 18. Qg6+ Kf8 19. Qxh6+ Ke8 20. Re4 Nxe5 21. Rxe5
Rxe5 22. Qh8+ Kd7 23. Qxe5 Bb7 24. Nd2 Qh4 25. Qf5+ Kd6 26. Qxd3+ Kc5 27. Qf5+
Kd6 28. Rd1 Ke7 29. Qxf7+ 1-0

[Event "ch-FRA Blitz Online Qual"]
[Site "Europe-Chess INT"]
[Date "2020.05.16"]
[Round "11"]
[White "Zienkiewicz, Alexandre"]
[Black "Nicot, Valentin"]
[Result "1-0"]
[WhiteElo "2049"]
[BlackElo "1041"]
[WhiteFideId "20610327"]
[BlackFideId "651002477"]
[EventDate "2020.05.16"]

1. e4 c5 2. Nf3 e6 3. b3 Nf6 4. e5 Nd5 5. Bb2 Nc6 6. c4 Nb6 7. Bd3 d6 8. O-O d5
9. Qe2 d4 10. Na3 a6 11. Be4 Nb4 12. d3 Bd7 13. Nb1 Be7 14. Nbd2 O-O 15. Bxb7
Rb8 16. Be4 f5 17. exf6 Bxf6 18. Rfe1 Nc2 19. Rac1 Nxe1 20. Rxe1 Na4 21. Nf1
Nxb2 22. Qxb2 a5 23. Qa3 Qb6 24. Ng3 Qb4 25. Qc1 a4 26. bxa4 Bxa4 27. h4 Qb2 28.
Qf4 Be7 29. Qc7 Bf6 30. Qxc5 Qxa2 31. Qd6 Rfe8 32. Nh5 Rb1 33. Rxb1 Qxb1+ 34.
Kh2 Be7 35. Qxe6+ Kf8 36. Bxh7 1-0

[Event "ch-FRA Blitz Online Qual"]
[Site "Europe-Chess INT"]
[Date "2020.05.16"]
[Round "11"]
[White "Paralieu, Maxime"]
[Black "Monnot, Leo"]
[Result "0-1"]
[WhiteElo "1569"]
[BlackElo "1964"]
[WhiteFideId "45154171"]
[BlackFideId "26093103"]
[EventDate "2020.05.16"]

1. d4 d5 2. c4 dxc4 3. Nf3 Nf6 4. e3 Bg4 5. Bxc4 e6 6. O-O Be7 7. Nc3 O-O 8. b3
a6 9. Bb2 c5 10. Be2 Nc6 11. Na4 cxd4 12. exd4 Nd5 13. Rc1 Bf6 14. h3 Bh5 15.
Nc5 Qe7 16. Ne4 Rfd8 17. Nxf6+ Qxf6 18. Qd2 Nf4 19. Rfd1 Nxh3+ 20. Kf1 Qf5 21.
Qe3 Nf4 22. Rc5 Nd5 23. Qd2 Qg4 24. Ne5 Qxe2+ 25. Qxe2 Bxe2+ 26. Kxe2 Nxe5 27.
dxe5 Nf4+ 28. Ke1 Nd3+ 29. Rxd3 Rxd3 30. Ke2 Rad8 31. Bc3 R3d5 32. Rc4 b5 33.
Rc6 b4 34. Bxb4 Rxe5+ 35. Kf3 a5 36. Bd6 Rf5+ 37. Ke3 h5 38. g3 Rd5 39. Ba3 Rd3+
40. Ke2 Rd2+ 41. Kf1 Rxa2 42. Be7 Rd1+ 43. Kg2 Rdd2 44. Rc8+ Kh7 45. Bc5 Rac2
46. Be3 Rxf2+ 47. Bxf2 Rxc8 48. Bb6 Rb8 49. Bxa5 Rxb3 0-1

[Event "ch-FRA Blitz Online Qual"]
[Site "Europe-Chess INT"]
[Date "2020.05.16"]
[Round "11"]
[White "De Seroux, Camille"]
[Black "Leonardy, Batiste"]
[Result "1-0"]
[WhiteTitle "WIM"]
[WhiteElo "2137"]
[BlackElo "1177"]
[WhiteFideId "1305620"]
[BlackFideId "36062880"]
[EventDate "2020.05.16"]

1. e4 c5 2. Nc3 Nc6 3. Bb5 d6 4. Bxc6+ bxc6 5. d3 Nf6 6. f4 g6 7. Nf3 e6 8. O-O
Bg7 9. Qe1 O-O 10. Qh4 Nh5 11. Qe1 f5 12. e5 d5 13. d4 cxd4 14. Nxd4 Ba6 15. Rf3
Qb6 16. Be3 Qxb2 17. Rb1 Qa3 18. Nxe6 Rf7 19. Nxg7 Rxg7 20. Bd4 c5 21. Nxd5 Qxa2
22. Nc3 Qxc2 23. Bxc5 Rc8 24. Bd4 Rd7 25. Bf2 Bd3 26. e6 Re7 27. Bh4 Ree8 28.
Rc1 Qb3 29. Rxd3 Nxf4 30. Re3 Nd5 31. Nxd5 1-0

[Event "ch-FRA Blitz Online Qual"]
[Site "Europe-Chess INT"]
[Date "2020.05.16"]
[Round "11"]
[White "Bernard, Mathis"]
[Black "Ternault, Mathieu"]
[Result "0-1"]
[BlackTitle "FM"]
[WhiteElo "1880"]
[BlackElo "2363"]
[WhiteFideId "36075205"]
[BlackFideId "20641532"]
[EventDate "2020.05.16"]

1. e4 Nc6 2. Nf3 d6 3. d4 Nf6 4. Nc3 g6 5. Be3 Bg7 6. Qd2 O-O 7. O-O-O Bg4 8. h3
Bxf3 9. gxf3 e5 10. d5 Nd4 11. Bxd4 exd4 12. Qxd4 Ng4 13. Qd2 Bh6 14. f4 Qf6 15.
Kb1 Bxf4 16. Qe2 Ne5 17. Bg2 b5 18. Nxb5 Rab8 19. Nd4 Rb6 20. b3 a5 21. a4 Rfb8
22. h4 Rb4 23. c3 Rxa4 24. Nb5 Nc4 25. bxa4 Qxc3 26. Rd3 Qb4+ 27. Ka2 Qxa4+ 28.
Na3 Be5 29. Rb1 Rxb1 30. Kxb1 Nxa3+ 31. Kc1 Nc4 32. Qc2 Bf4+ 33. Kd1 Nb2+ 34.
Ke2 Qxc2+ 0-1

[Event "ch-FRA Blitz Online Qual"]
[Site "Europe-Chess INT"]
[Date "2020.05.16"]
[Round "11"]
[White "Nizard, Roger"]
[Black "Coiffait, Pierre-Basile"]
[Result "1-0"]
[WhiteElo "2144"]
[BlackElo "2261"]
[WhiteFideId "604569"]
[BlackFideId "20665342"]
[EventDate "2020.05.16"]

1. d4 e6 2. c4 f5 3. g3 Nf6 4. Bg2 Be7 5. Nh3 O-O 6. O-O d6 7. b3 e5 8. Bb2 Nbd7
9. Ng5 Nb6 10. dxe5 dxe5 11. Bxe5 Ng4 12. Qxd8 Rxd8 13. Bf4 Bf6 14. Na3 Bxa1 15.
Rxa1 c6 16. Nc2 h6 17. Nf3 Be6 18. Nfd4 Bd7 19. Rd1 Re8 20. Bd6 Kf7 21. e3 Nf6
22. a4 Ne4 23. Ba3 Rad8 24. a5 Nc8 25. Ra1 g6 26. h3 Ne7 27. Bxe4 fxe4 28. Kg2
Nf5 29. Nxf5 Bxf5 30. Nd4 Rd7 31. g4 Be6 32. a6 Rc8 33. axb7 Rxb7 34. Bc5 Rcc7
35. Ra6 Bd7 36. Kg3 g5 37. h4 Kf6 38. Bd6 Rc8 39. hxg5+ hxg5 40. Bc5 Rcc7 41. b4
Kg6 42. b5 Rb8 43. bxc6 Bc8 44. Rxa7 Rxa7 45. Bxa7 Rb1 46. c5 Kf6 47. Bb6 Rg1+
48. Kh2 Rc1 49. Bd8+ Kg6 50. Be7 Rc4 51. Kg3 Rc1 52. c7 Rg1+ 53. Kh2 Rc1 54. Kg2
Bxg4 55. Bd6 Kf6 56. c6 Bc8 57. f3 exf3+ 58. Kxf3 Rc3 59. Ke2 g4 60. e4 Rc4 61.
Kd3 Rc1 62. e5+ Kf7 63. e6+ Ke8 64. Ke4 Rc3 65. Nf5 Rxc6 66. Ng7# 1-0

[Event "ch-FRA Blitz Online Qual"]
[Site "Europe-Chess INT"]
[Date "2020.05.16"]
[Round "11"]
[White "Spitz, Christophe"]
[Black "Ludwiczak, Virginie"]
[Result "1-0"]
[WhiteElo "2137"]
[BlackElo "1875"]
[WhiteFideId "608378"]
[BlackFideId "20655592"]
[EventDate "2020.05.16"]

1. e4 e6 2. d4 d5 3. e5 c5 4. c3 Nc6 5. Nf3 Bd7 6. Be2 Qb6 7. a3 cxd4 8. cxd4
Nge7 9. Nc3 Nf5 10. Na4 Qc7 11. Be3 Ncxd4 12. Bxd4 Qa5+ 13. Nc3 a6 14. O-O Be7
15. b4 Qc7 16. Rc1 Rc8 17. Qd2 Qb8 18. g4 Nxd4 19. Qxd4 O-O 20. Bd3 f6 21. Nxd5
Bd8 22. Nxf6+ gxf6 23. Qxd7 Rc7 24. Rxc7 Qxc7 25. Bxh7+ Kh8 26. Qxc7 Bxc7 27.
Be4 fxe5 28. Rd1 Rf4 29. Bxb7 Rxg4+ 30. Kf1 e4 31. Rd7 Bf4 32. Bxe4 e5 33. Ke2
Rg7 34. Rxg7 Kxg7 35. Kd3 Kf6 36. Kc4 Bc1 37. a4 Bb2 38. b5 axb5+ 39. axb5 Ba3
40. Kd5 Bb4 41. Nxe5 Ba5 42. Nf3 Bb6 43. Kc6 Bxf2 44. b6 Kg7 45. b7 Ba7 46. Kc7
Kh6 47. b8=Q Bxb8+ 48. Kxb8 Kh5 49. h4 Kg4 50. Kc7 Kf4 51. Bd5 Kg4 52. Kd6 Kh5
53. Ke6 Kh6 54. Kf5 Kh5 55. Bf7+ Kh6 56. Be8 Kh7 57. Kg5 Kg7 58. h5 Kf8 59. Bc6
Kg7 60. h6+ Kh8 61. Ne5 Kh7 62. Ng4 Kh8 63. Kg6 Kg8 64. Bd7 Kh8 65. Ne5 Kg8 66.
Nf7 Kf8 67. h7 1-0

[Event "ch-FRA Blitz Online Qual"]
[Site "Europe-Chess INT"]
[Date "2020.05.16"]
[Round "11"]
[White "Dijoux, Julien"]
[Black "Janzelj, Lara"]
[Result "0-1"]
[BlackTitle "WIM"]
[WhiteElo "1862"]
[BlackElo "2210"]
[WhiteFideId "666483"]
[BlackFideId "14608391"]
[EventDate "2020.05.16"]

1. d4 d5 2. c4 dxc4 3. Nc3 a6 4. a4 Nc6 5. e3 Na5 6. Nf3 b6 7. Ne5 Bb7 8. d5 Nf6
9. Nxc4 Nxd5 10. Nxa5 bxa5 11. Nxd5 Bxd5 12. Ra3 e6 13. Rd3 Bb4+ 14. Bd2 Qe7 15.
Rd4 Bc5 16. Rg4 O-O 17. Bc3 f6 18. Bd3 Bb4 19. Qd2 Bxc3 20. Qxc3 e5 21. O-O Be6
22. Rg3 Rfd8 23. Rc1 Qb4 24. Bf1 Qxc3 25. Rxc3 Rac8 26. f4 Rd1 27. Rf3 Bg4 28.
Rf2 exf4 29. exf4 Re8 30. g3 Bh3 31. Rxc7 Ree1 0-1

[Event "ch-FRA Blitz Online Qual"]
[Site "Europe-Chess INT"]
[Date "2020.05.16"]
[Round "11"]
[White "Fournier, Loic"]
[Black "Rousseau, Matthieu"]
[Result "0-1"]
[WhiteElo "2116"]
[BlackElo "1862"]
[WhiteFideId "36013463"]
[BlackFideId "26049724"]
[EventDate "2020.05.16"]

1. d4 e6 2. Nf3 d5 3. Bf4 Bd6 4. Bg3 f5 5. e3 Nf6 6. Bd3 O-O 7. Nbd2 c5 8. c3 c4
9. Bc2 Ne4 10. Qe2 Nc6 11. Nxe4 fxe4 12. Nd2 b5 13. f3 exf3 14. Nxf3 Qc7 15.
Bxd6 Qxd6 16. e4 Bd7 17. O-O-O Qf4+ 18. Kb1 b4 19. exd5 exd5 20. Ne5 Nxe5 21.
dxe5 Be6 22. g3 Qf2 23. Qh5 Bf5 24. Bxf5 Rxf5 25. Qg4 bxc3 26. Rd2 cxd2 0-1

[Event "ch-FRA Blitz Online Qual"]
[Site "Europe-Chess INT"]
[Date "2020.05.16"]
[Round "11"]
[White "Lauferon, Augustin"]
[Black "Lambert, Adrien"]
[Result "0-1"]
[WhiteElo "1865"]
[BlackElo "2123"]
[WhiteFideId "20655177"]
[BlackFideId "624772"]
[EventDate "2020.05.16"]

1. e4 d6 2. d4 Nf6 3. Nc3 g6 4. Bd3 Bg7 5. Nf3 O-O 6. O-O Bg4 7. h3 Bxf3 8. Qxf3
Nc6 9. Be3 e5 10. dxe5 Nxe5 11. Qe2 Nxd3 12. cxd3 Nd7 13. Rac1 c6 14. d4 Re8 15.
Qd3 Qa5 16. a3 Qh5 17. f3 Re7 18. d5 c5 19. b4 Ne5 20. Qe2 c4 21. Nb5 Rd7 22.
Bd4 a6 23. Bxe5 Bxe5 24. Nc3 Rc8 25. f4 Bd4+ 26. Kh1 Re7 27. Qxh5 gxh5 28. Rfe1
f5 29. e5 dxe5 30. d6 Re6 31. fxe5 Rxe5 32. Rxe5 Bxe5 33. Nd5 Bxd6 34. Kg1 b5
35. Kf2 Kf7 36. Kf3 Rg8 37. Rc2 Rg3+ 38. Kf2 Rxa3 39. Ne3 Bxb4 40. Nxf5 Kf6 41.
Ng3 Bc5+ 0-1

[Event "ch-FRA Blitz Online Qual"]
[Site "Europe-Chess INT"]
[Date "2020.05.16"]
[Round "11"]
[White "Oney, Remel"]
[Black "Pottier, Simeon"]
[Result "0-1"]
[WhiteElo "1781"]
[BlackElo "2186"]
[WhiteFideId "6310125"]
[BlackFideId "26069296"]
[EventDate "2020.05.16"]

1. d4 Nf6 2. Bf4 c5 3. e3 g6 4. Nf3 b6 5. c4 Bg7 6. Nc3 O-O 7. h3 Bb7 8. Bd3
cxd4 9. exd4 d5 10. O-O Nc6 11. cxd5 Nxd5 12. Nxd5 Qxd5 13. Be2 Nxd4 14. Rc1
Rac8 15. Rc3 Nxe2+ 16. Qxe2 Bxc3 17. bxc3 e6 18. Bh6 Rfe8 19. Rd1 Qc5 20. Ne5
Rcd8 21. Rf1 Qd5 22. f3 f6 23. Ng4 Kf7 24. Qb2 e5 25. h4 Qc5+ 26. Kh1 Rd3 27.
Re1 Qxc3 28. Qxc3 Rxc3 29. f4 e4 30. Rd1 Re7 31. Kh2 e3 32. Re1 e2 33. f5 Rd3
34. Nf2 Rd4 35. fxg6+ hxg6 36. h5 Rh4+ 37. Kg3 Rxh5 38. Bf4 g5 39. Bd6 Re6 40.
Bb4 Rh4 41. Ng4 Bxg2 42. Bc3 Bd5 0-1

[Event "ch-FRA Blitz Online Qual"]
[Site "Europe-Chess INT"]
[Date "2020.05.16"]
[Round "11"]
[White "Mallevaey, Guillaume"]
[Black "Morais, Mario"]
[Result "0-1"]
[WhiteElo "1823"]
[BlackElo "2061"]
[WhiteFideId "26026120"]
[BlackFideId "614270"]
[EventDate "2020.05.16"]

1. c4 Nf6 2. g3 c5 3. Bg2 Nc6 4. Nc3 e5 5. e4 g6 6. Nge2 Bg7 7. O-O O-O 8. d3 d6
9. Rb1 a6 10. a3 Nd4 11. b4 b6 12. h3 Bd7 13. f4 Nxe2+ 14. Nxe2 b5 15. fxe5 dxe5
16. bxc5 bxc4 17. dxc4 Qc8 18. Kh2 Qxc5 19. Qd3 Be6 20. Be3 Qxc4 21. Qxc4 Bxc4
22. Rfe1 Rab8 23. Nc3 Rxb1 24. Rxb1 Bd3 25. Rd1 Bc4 26. Rd6 Rb8 27. Na4 h5 28.
Nb6 Be6 29. a4 Bf8 30. Rc6 Kg7 31. Bg5 Be7 32. Bxf6+ Bxf6 33. Bf1 a5 34. Bb5 Bb3
35. Nd7 Rd8 36. Nxf6 Rd2+ 37. Kg1 Bc2 38. Ne8+ Kf8 39. Rc4 Bd1 40. Rc1 Bf3 41.
Nc7 Rg2+ 42. Kf1 Rxg3 43. Nd5 Bxe4 44. Nf6 Rf3+ 45. Ke2 Rxf6 46. Rc8+ Kg7 47.
Rc7 Bf3+ 48. Ke3 e4 49. Ra7 Rd6 50. Rxa5 f5 51. Ra7+ Kf6 52. Rc7 g5 53. a5 f4+
54. Kf2 g4 55. hxg4 hxg4 56. Rc1 e3+ 57. Ke1 Ke5 58. a6 Rh6 59. a7 g3 60. a8=Q
Bxa8 61. Bf1 Rh1 0-1

[Event "ch-FRA Blitz Online Qual"]
[Site "Europe-Chess INT"]
[Date "2020.05.16"]
[Round "11"]
[White "Vine, Thibaut"]
[Black "Sobry, Sebastien"]
[Result "0-1"]
[WhiteElo "1837"]
[BlackElo "2034"]
[WhiteFideId "20654227"]
[BlackFideId "622516"]
[EventDate "2020.05.16"]

1. e4 c5 2. Nc3 e6 3. f4 d6 4. Nf3 Nf6 5. d3 Be7 6. g3 O-O 7. Bg2 Nc6 8. O-O a6
9. Ne2 Qc7 10. h3 b5 11. c3 a5 12. g4 c4 13. g5 Nd7 14. d4 Nb6 15. d5 exd5 16.
exd5 Nb8 17. Nfd4 b4 18. f5 f6 19. Ne6 Bxe6 20. fxe6 fxg5 21. Rxf8+ Bxf8 22.
Bxg5 Na6 23. Nd4 Be7 24. Qg4 Nc5 25. Bxe7 Qxe7 26. Rf1 Rf8 27. Rxf8+ Qxf8 28.
Nf5 Nc8 29. Nh6+ Kh8 30. Nf7+ Kg8 31. Qh5 bxc3 32. bxc3 Nd3 33. Be4 g6 34. Qf3
Ne5 35. Qf6 Nxf7 36. exf7+ Qxf7 37. Qd8+ Qf8 38. Qxf8+ Kxf8 39. Kf2 Ke7 40. Ke3
Nb6 41. Kd4 Kf6 42. Bf3 Ke7 43. Be2 Kf6 44. Bxc4 Na4 45. Bb5 Nc5 46. Be2 h5 47.
Ke3 Ke5 48. c4 Ne4 49. Bd3 Ng5 50. Bxg6 h4 51. Bh5 Nxh3 52. Kf3 Ng5+ 53. Kg4 Ne4
54. Kxh4 Nd2 55. Be2 Kd4 56. Bh5 Nxc4 57. Bf7 Ne5 58. Be6 Nd3 59. Kg5 Nb4 60. a3
Nxd5 61. Kf5 Ne3+ 62. Kf6 Nc2 63. a4 Nb4 64. Bd7 Kc5 65. Ke6 d5 66. Bb5 d4 67.
Ke5 Nc2 68. Ke4 Nb4 69. Be8 Nd5 70. Bb5 Nc3+ 71. Ke5 Nxb5 72. axb5 Kxb5 73. Kxd4
Kb4 74. Kd3 Kb3 75. Kd2 Kb2 76. Kd3 a4 0-1

[Event "ch-FRA Blitz Online Qual"]
[Site "Europe-Chess INT"]
[Date "2020.05.16"]
[Round "11"]
[White "Schippke, Manon"]
[Black "Van Hoolandt, Patrick"]
[Result "0-1"]
[BlackTitle "FM"]
[WhiteElo "1873"]
[BlackElo "2063"]
[WhiteFideId "45100446"]
[BlackFideId "200999"]
[EventDate "2020.05.16"]

1. e4 e5 2. Nf3 Nc6 3. Bb5 Nf6 4. d3 Bc5 5. c3 d6 6. h3 O-O 7. O-O a6 8. Ba4 b5
9. Bc2 Bb6 10. d4 h6 11. Re1 Re8 12. d5 Ne7 13. b3 Ng6 14. c4 bxc4 15. bxc4 Nd7
16. Nc3 Qf6 17. Ne2 Nc5 18. Be3 Bxh3 19. Nxe5 Nxe5 20. f4 Nxc4 21. Bd4 Nxe4 22.
Bxb6 cxb6 23. gxh3 Ne3 24. Qd3 Qg6+ 25. Kh2 Qg2# 0-1

[Event "ch-FRA Blitz Online Qual"]
[Site "Europe-Chess INT"]
[Date "2020.05.16"]
[Round "11"]
[White "Hamon, Christian"]
[Black "Joly, Fabrice"]
[Result "1/2-1/2"]
[WhiteElo "2015"]
[BlackElo "1957"]
[WhiteFideId "614327"]
[BlackFideId "612235"]
[EventDate "2020.05.16"]

1. Nf3 Nf6 2. g3 g6 3. Bg2 Bg7 4. O-O O-O 5. c4 d6 6. Nc3 Nc6 7. Rb1 e5 8. d3 a5
9. a3 Nd7 10. b4 axb4 11. axb4 f5 12. Bg5 Nf6 13. Nd5 Be6 14. Nxf6+ Bxf6 15.
Bxf6 Qxf6 16. b5 Nd8 17. Qd2 e4 18. dxe4 Bxc4 19. exf5 Qxf5 20. Nd4 Qd7 21. Qc3
Bf7 22. Rfd1 Ne6 23. Nxe6 Bxe6 24. Bxb7 Rab8 25. Bc6 Qf7 26. f4 Qf6 27. Qxf6
Rxf6 28. Rbc1 Bg4 29. Kf2 Kg7 30. Ra1 Re6 31. Rd2 Re7 32. Ra4 Bd7 33. Bxd7 Rxd7
34. Ra5 Re7 35. Kf3 Kf6 36. e4 Rb7 37. g4 h6 38. h4 h5 39. g5+ Ke6 40. Re2 Kd7
41. Rc2 Re8 42. Rd2 Reb8 43. e5 Rxb5 44. Ra7 Rb3+ 45. Kf2 Rb2 46. Ke3 R8b3+ 47.
Rd3 Rxd3+ 48. Kxd3 dxe5 49. fxe5 Rb4 50. e6+ Kxe6 51. Rxc7 Rxh4 52. Rf7 Rg4 53.
Rf6+ Ke7 54. Rxg6 Kf7 55. Rf6+ Kg7 56. Ke2 Rxg5 57. Ra6 h4 58. Kf2 h3 59. Ra1
Rg2+ 60. Kf3 Rb2 61. Rh1 h2 62. Kg3 Kg6 63. Rxh2 Rxh2 64. Kxh2 1/2-1/2

[Event "ch-FRA Blitz Online Qual"]
[Site "Europe-Chess INT"]
[Date "2020.05.16"]
[Round "11"]
[White "Kantzer, Romain"]
[Black "Meillon, Judicael"]
[Result "0-1"]
[WhiteElo "1930"]
[BlackElo "2063"]
[WhiteFideId "26024640"]
[BlackFideId "36044288"]
[EventDate "2020.05.16"]

1. d4 Nf6 2. Bf4 e6 3. e3 b6 4. Nd2 a5 5. Ngf3 Ba6 6. Bxa6 Nxa6 7. O-O Be7 8.
Qe2 O-O 9. c3 c6 10. a4 Nc7 11. e4 d5 12. e5 Nd7 13. h3 c5 14. Qe3 cxd4 15. cxd4
b5 16. axb5 Nxb5 17. Nb3 a4 18. Nbd2 Qb6 19. Nb1 Rfc8 20. Nc3 Nxc3 21. bxc3 a3
22. Rfb1 Qc6 23. Rb3 Qc4 24. Nd2 Qa4 25. Rb7 Ra7 26. Rxa7 Qxa7 27. c4 dxc4 28.
Bg5 Bxg5 29. Qxg5 c3 30. Nc4 Rxc4 31. Qd8+ Nf8 32. d5 c2 33. Rc1 exd5 34. e6
fxe6 0-1

[Event "ch-FRA Blitz Online Qual"]
[Site "Europe-Chess INT"]
[Date "2020.05.16"]
[Round "11"]
[White "Ferey, Antonin"]
[Black "Gratton, Alexandre"]
[Result "1/2-1/2"]
[WhiteElo "2138"]
[BlackElo "1792"]
[WhiteFideId "36051454"]
[BlackFideId "551063689"]
[EventDate "2020.05.16"]

1. d4 Nf6 2. c4 e6 3. Nf3 d5 4. Nc3 Bb4 5. Bg5 Bxc3+ 6. bxc3 Nbd7 7. cxd5 exd5
8. e3 h6 9. Bf4 Nh5 10. Bg3 O-O 11. Bd3 c5 12. O-O Nxg3 13. hxg3 Nf6 14. Ne5 c4
15. Bc2 Be6 16. Rb1 Rb8 17. a4 Qc8 18. f3 Bf5 19. g4 Bxc2 20. Qxc2 Qe6 21. Kf2
Nd7 22. Nxd7 Qxd7 23. g5 hxg5 24. Rh1 g6 25. Rh6 Kg7 26. Rbh1 Rh8 27. Rxh8 Rxh8
28. Rxh8 Kxh8 29. Qb2 Kg7 30. Qb4 b6 31. a5 bxa5 32. Qxa5 Qb7 33. Kg3 Kf6 34.
Qc5 Qb8+ 35. Kf2 Qb2+ 36. Kg3 Qxc3 37. Qxd5 Qe1+ 38. Kh2 Qh4+ 39. Kg1 Qe1+ 40.
Kh2 Qh4+ 41. Kg1 Qe1+ 42. Kh2 1/2-1/2